[Event "NZL-ch Major op"]
[Site "Auckland"]
[Date "2019.01.17"]
[Round "4"]
[White "Sole, Michael D"]
[Black "Holt, Kenneth P"]
[Result "1/2-1/2"]
[WhiteElo "1783"]
[BlackElo "1791"]
[PlyCount "41"]
[EventDate "2019.01.14"]
[EventType "swiss"]
[EventRounds "9"]
[EventCountry "NZL"]
[SourceTitle "CBM 189 Extra"]
[Source "ChessBase"]
[SourceDate "2019.06.03"]
[SourceVersion "1"]
[SourceVersionDate "2019.06.03"]
[SourceQuality "1"]

1. e4 c6 2. c4 d5 3. cxd5 cxd5 4. exd5 Nf6 5. Bb5+ Bd7 6. Bc4 Bg4 7. Qb3 Qc7 8. Nc3 a6 9. a4 g6 10. d4 Bg7 11. Be3 0-0 12. Rc1 Nbd7 13. h3 Bf5 14. g4 Nb6 15. Nce2 Nxc4 16. Rxc4 Qa5+ 17. Nc3 Bd7 18. Bd2 Rac8 19. Rxc8 Bxc8 20. Nge2 Rd8 21. 0-0 1/2-1/2

[Event "AUS-ch Major"]
[Site "Cammeray"]
[Date "2018.01.04"]
[Round "4"]
[White "Holt, Kenneth P"]
[Black "Bracks, Sebastian"]
[Result "1/2-1/2"]
[WhiteElo "1825"]
[BlackElo "1311"]
[PlyCount "63"]
[EventDate "2018.01.02"]
[EventType "swiss"]
[EventRounds "11"]
[EventCountry "AUS"]
[SourceTitle "CBM 182 Extra"]
[Source "ChessBase"]
[SourceDate "2018.02.23"]
[SourceVersion "1"]
[SourceVersionDate "2018.02.23"]
[SourceQuality "1"]

1. d4 Nf6 2. c4 g6 3. Nc3 Bg7 4. e4 d6 5. f3 0-0 6. Be3 b6 7. Qd2 c5 8. d5 a6 9. Nge2 Qc7 10. Nc1 e6 11. Be2 exd5 12. exd5 Nbd7 13. Nd3 Re8 14. 0-0 Ne5 15. Nxe5 Rxe5 16. Bd3 Bd7 17. f4 Re7 18. f5 Ng4 19. Bg5 f6 20. Bh4 g5 21. Bg3 Ne5 22. Rae1 Rae8 23. b3 Qc8 24. Ne4 Qb8 25. a4 Nf7 26. Bc2 Bc8 27. Nc3 Rxe1 28. Rxe1 Bd7 29. Re2 Rxe2 30. Qxe2 Qd8 31. h3 Bf8 32. Bh2 1/2-1/2

[Event "Australian op"]
[Site "Cammeray"]
[Date "2013.01.13"]
[Round "11"]
[White "Holt, Kenneth P"]
[Black "Bennett, Calvin"]
[Result "1-0"]
[WhiteElo "1907"]
[BlackElo "1793"]
[PlyCount "107"]
[EventDate "2013.01.02"]
[EventType "swiss"]
[EventRounds "11"]
[EventCountry "AUS"]
[SourceTitle "CBM 152 Extra"]
[Source "ChessBase"]
[SourceDate "2013.02.25"]
[SourceVersion "1"]
[SourceVersionDate "2013.02.25"]
[SourceQuality "1"]

1. d4 Nf6 2. c4 g6 3. Nc3 d5 4. cxd5 Nxd5 5. e4 Nxc3 6. bxc3 Bg7 7. Ba3 Nd7 8. Nf3 c5 9. Qd2 b6 10. Bb5 0-0 11. 0-0 a6 12. Bc6 Ra7 13. Rfd1 Nb8 14. Bd5 e6 15. Bb3 Rd7 16. Qe1 Qc7 17. Rac1 Bh6 18. Rb1 Bf4 19. e5 Bb7 20. Qe2 Rfd8 21. dxc5 bxc5 22. Rxd7 Nxd7 23. Qc4 Bxe5 24. Nxe5 Qxe5 25. Rd1 Bd5 26. Qh4 Rf8 27. c4 Bc6 28. Bc1 Qe2 29. h3 f6 30. Be3 h5 31. Qg3 Ne5 32. Bxc5 Rf7 33. Bb4 Qe4 34. Re1 Qf5 35. Bd6 h4 36. Qe3 g5 37. Bxe5 fxe5 38. Re2 Qb1+ 39. Kh2 Rf5 40. Bc2 Qf1 41. Be4 Bxe4 42. Qxe4 Qc1 43. Rc2 Qf4+ 44. Qxf4 exf4 45. c5 Rf7 46. c6 Rc7 47. g3 Kf7 48. gxh4 gxh4 49. Kg2 Ke7 50. Kf3 Kd6 51. Kxf4 Rxc6 52. Rxc6+ Kxc6 53. Kg4 Kd6 54. Kxh4 1-0

[Event "Australian op"]
[Site "Cammeray"]
[Date "2013.01.11"]
[Round "9"]
[White "Zelesco, Karl"]
[Black "Holt, Kenneth P"]
[Result "1-0"]
[WhiteElo "2143"]
[BlackElo "1907"]
[PlyCount "27"]
[EventDate "2013.01.02"]
[EventType "swiss"]
[EventRounds "11"]
[EventCountry "AUS"]
[SourceTitle "CBM 152 Extra"]
[Source "ChessBase"]
[SourceDate "2013.02.25"]
[SourceVersion "1"]
[SourceVersionDate "2013.02.25"]
[SourceQuality "1"]

1. e4 c6 2. d4 d5 3. Nc3 dxe4 4. Nxe4 Nf6 5. Nxf6+ exf6 6. c3 Bd6 7. Bd3 0-0 8. Qc2 Re8+ 9. Ne2 g6 10. h4 Qc7 11. h5 Qe7 12. Be3 Be6 13. hxg6 fxg6 14. Bxg6 1-0

[Event "Queenstown op"]
[Site "Queenstown"]
[Date "2012.01.20"]
[Round "6"]
[White "Kempen, Leon JP"]
[Black "Holt, Kenneth P"]
[Result "1/2-1/2"]
[WhiteElo "1999"]
[BlackElo "1914"]
[PlyCount "146"]
[EventDate "2012.01.15"]
[EventType "swiss"]
[EventRounds "9"]
[EventCountry "NZL"]
[SourceTitle "CBM 146 Extra"]
[Source "ChessBase"]
[SourceDate "2012.02.29"]
[SourceVersion "1"]
[SourceVersionDate "2012.02.29"]
[SourceQuality "1"]

1. d4 d5 2. c4 c6 3. Nf3 Nf6 4. Nc3 e6 5. Bg5 Be7 6. e3 0-0 7. Bd3 dxc4 8. Bxc4 b5 9. Bd3 Nbd7 10. 0-0 h6 11. Bh4 Bb7 12. h3 a6 13. Rc1 Rc8 14. Bb1 c5 15. a3 cxd4 16. Nxd4 Qb6 17. b4 Rfd8 18. Qe2 Ne5 19. Ba2 Ng6 20. Bg3 Ne4 21. Nxe4 Bxe4 22. Rfd1 e5 23. Nf3 Bf6 24. Rxd8+ Qxd8 25. Rxc8 Qxc8 26. Qd2 Bxf3 27. gxf3 Nh4 28. Qd5 Qe8 29. Qe4 Qd8 30. Bd5 Ng6 31. Kg2 Ne7 32. Bb3 Qd6 33. Qa8+ Kh7 34. Bxf7 Qc6 35. Qxc6 Nxc6 36. Bd5 Nd8 37. Kf1 g5 38. Ke2 Kg6 39. Kd3 Kf5 40. Bh2 Bg7 41. Kc2 Ne6 42. Be4+ Kf6 43. Kb3 Ke7 44. a4 Kd6 45. Bb7 Nc7 46. f4 gxf4 47. exf4 Bf6 48. Bg3 Bg7 49. Ka3 Bf6 50. f3 h5 51. f5 h4 52. Bf2 Bg5 53. Bc5+ Kd7 54. Bf8 Bf6 55. Bh6 Kd6 56. f4 exf4 57. Bxf4+ Kd7 58. Kb3 Kd8 59. Bc6 Kc8 60. Bd6 Kd8 61. axb5 Nxb5 62. Bxb5 axb5 63. Kc2 Kd7 64. Bc5 Kc6 65. Kd3 Kd5 66. Ke3 Ke5 67. Bd4+ Kxf5 68. Bxf6 Kxf6 69. Kf4 Ke6 70. Kg4 Kd5 71. Kxh4 Kc4 72. Kg3 Kxb4 73. h4 Ka3 1/2-1/2

[Event "Australian op"]
[Site "Tuggeranong"]
[Date "2007.01.05"]
[Round "8"]
[White "Stones, Douglas"]
[Black "Holt, Kenneth P"]
[Result "1/2-1/2"]
[WhiteElo "2032"]
[BlackElo "1953"]
[PlyCount "67"]
[EventDate "2006.12.28"]
[EventType "swiss"]
[EventRounds "11"]
[EventCountry "AUS"]
[SourceTitle "CBM 116 Extra"]
[Source "ChessBase"]
[SourceDate "2007.03.07"]
[SourceVersion "1"]
[SourceVersionDate "2007.03.07"]
[SourceQuality "1"]

1. d4 d5 2. c4 c6 3. cxd5 cxd5 4. Nc3 Nf6 5. Nf3 e6 6. e3 Be7 7. Bd3 Nc6 8. 0-0 Bd7 9. Re1 0-0 10. e4 dxe4 11. Nxe4 Nb4 12. Bb1 Bc6 13. Nxf6+ Bxf6 14. a3 Nd5 15. Qd3 g6 16. Ne5 Rc8 17. Qh3 Bg7 18. Bh6 Qf6 19. Re4 Bxh6 20. Qxh6 Ba4 21. Bd3 Rc7 22. Rae1 Rfc8 23. Nf3 Bc2 24. Ne5 Bxd3 25. Nxd3 Rc2 26. Kf1 R8c4 27. Rh4 Qg7 28. Qxg7+ Kxg7 29. Re2 g5 30. Rhe4 Nf6 31. Re5 Rxe2 32. Kxe2 Kg6 33. Rxe6 Rxd4 34. Re7 1/2-1/2

[Event "Australian op"]
[Site "Tuggeranong"]
[Date "2007.01.02"]
[Round "5"]
[White "Holt, Kenneth P"]
[Black "Stojic, Svetozar"]
[Result "1/2-1/2"]
[WhiteElo "1953"]
[BlackElo "1992"]
[PlyCount "190"]
[EventDate "2006.12.28"]
[EventType "swiss"]
[EventRounds "11"]
[EventCountry "AUS"]
[SourceTitle "CBM 116 Extra"]
[Source "ChessBase"]
[SourceDate "2007.03.07"]
[SourceVersion "1"]
[SourceVersionDate "2007.03.07"]
[SourceQuality "1"]

1. d4 Nf6 2. c4 g6 3. Nc3 Bg7 4. e4 d6 5. f3 0-0 6. Be3 e5 7. d5 c6 8. Nge2 cxd5 9. cxd5 Nbd7 10. Nc1 a6 11. Be2 b5 12. Nd3 Nb6 13. 0-0 Bd7 14. b3 Nh5 15. g4 Nf6 16. Qd2 Qc7 17. Rfc1 Qb7 18. a4 bxa4 19. Nxa4 Nxa4 20. bxa4 Rab8 21. Rc2 Rfc8 22. Rb2 Qa8 23. Nb4 a5 24. Nc6 Rxb2 25. Qxb2 Bxc6 26. dxc6 Rxc6 27. Bb5 Rc8 28. Rc1 h6 29. Qd2 Rxc1+ 30. Qxc1 Kh7 31. Qc7 d5 32. Bc6 Qa6 33. Bxd5 Qe2 34. Bf2 Nxd5 35. exd5 Qd1+ 36. Kg2 Qxd5 37. Qc5 Qa8 38. Qa7 Qxa7 39. Bxa7 Bf8 40. Kf2 Kg7 41. Bb6 Bb4 42. Ke3 f5 43. h3 Kf6 44. Kd3 Ke6 45. Kc4 h5 46. Kd3 Kd5 47. Bc7 Be1 48. Ke2 Bc3 49. Kd3 Bb4 50. Bd8 hxg4 51. hxg4 e4+ 52. fxe4+ fxe4+ 53. Ke3 Bc5+ 54. Ke2 Kc4 55. Bxa5 Kb3 56. Bd8 Kxa4 57. Bf6 Kb3 58. Bg7 Kc4 59. Bf6 Bd4 60. Bd8 Kd5 61. Bh4 Be5 62. Ke3 Bh2 63. Bd8 Bg1+ 64. Ke2 Bh2 65. Ke3 Bd6 66. Bb6 Ba3 67. Ba7 Bc1+ 68. Ke2 Bg5 69. Bb8 Kc4 70. Bc7 Kd4 71. Bb6+ Ke5 72. Bc7+ Kd5 73. Bb6 Bc1 74. Bc7 Bb2 75. Ke3 Bd4+ 76. Ke2 Bc5 77. Bf4 Kd4 78. Be3+ Kd5 79. Bf4 Bd6 80. Bg5 Bg3 81. Ke3 Bh2 82. Bd8 Bg1+ 83. Ke2 e3 84. Bc7 Bf2 85. Bd8 Ke5 86. Bc7+ Ke4 87. Bd6 Bh4 88. Bc5 Bg5 89. Bb6 Kf4 90. Bxe3+ Kxg4 91. Bb6 Kg3 92. Kf1 Kf3 93. Ba5 Bf6 94. Bd2 Be5 95. Bg5 Bf4 1/2-1/2

[Event "Australian op"]
[Site "Mount Buller"]
[Date "2005.01.03"]
[Round "6"]
[White "Holt, Kenneth P"]
[Black "Neudel, Bernd"]
[Result "1/2-1/2"]
[WhiteElo "1886"]
[BlackElo "1909"]
[PlyCount "58"]
[EventDate "2004.12.28"]
[EventType "swiss"]
[EventRounds "11"]
[EventCountry "AUS"]
[SourceTitle "CBM 104 Extra"]
[Source "ChessBase"]
[SourceDate "2005.03.01"]
[SourceVersion "1"]
[SourceVersionDate "2005.03.01"]
[SourceQuality "1"]

1. d4 d5 2. c4 e6 3. Nc3 Nf6 4. Bg5 Nbd7 5. e3 Be7 6. Nf3 c6 7. cxd5 exd5 8. Bd3 0-0 9. Qc2 a5 10. a4 h6 11. Bh4 Re8 12. 0-0 Ne4 13. Bxe4 Bxh4 14. Bd3 Be7 15. Rac1 Bd6 16. e4 dxe4 17. Nxe4 Bf4 18. Rcd1 Nf6 19. g3 Bb8 20. Rfe1 Nd5 21. Nc3 Be6 22. Bf5 Nb4 23. Qe4 Bc7 24. Bxe6 Rxe6 25. Ne5 Qe8 26. Qf5 Rd8 27. Nf3 Bb6 28. Re5 Bxd4 29. Rxe6 fxe6 1/2-1/2

[Event "Doeberl Cup Major 42nd"]
[Site "Canberra"]
[Date "2004.04.09"]
[Round "2"]
[White "Holt, Kenneth P"]
[Black "Dickson, Ian C"]
[Result "1-0"]
[WhiteElo "1860"]
[BlackElo "1652"]
[PlyCount "99"]
[EventDate "2004.04.09"]
[EventType "swiss"]
[EventRounds "7"]
[EventCountry "AUS"]
[SourceTitle "EXT 2006"]
[Source "ChessBase"]
[SourceDate "2005.11.24"]
[SourceVersion "1"]
[SourceVersionDate "2005.11.24"]
[SourceQuality "1"]

1. d4 d5 2. c4 e6 3. g3 c6 4. Bg2 Nf6 5. Nf3 Bb4+ 6. Bd2 Bxd2+ 7. Nbxd2 Nbd7 8. 0-0 0-0 9. b4 a5 10. bxa5 Qxa5 11. Nb3 Qc7 12. c5 e5 13. dxe5 Nxe5 14. Nfd4 Re8 15. Qc2 Bd7 16. a4 Nc4 17. Ra2 Ne4 18. Rfa1 Na5 19. Nxa5 Qxa5 20. Nb3 Qc7 21. a5 Qe5 22. e3 Nc3 23. Ra3 Nb5 24. Ra4 Bf5 25. Qd2 Qc3 26. Qxc3 Nxc3 27. Rb4 Nb5 28. Bf1 Bd7 29. Bxb5 cxb5 30. Rd1 Bc6 31. Rdd4 Re5 32. h4 f6 33. Rd1 Kf7 34. Ra1 Re4 35. Nd4 Rc8 36. Rbb1 Bd7 37. Nxb5 Bxb5 38. Rxb5 Rc4 39. Rxb7+ Kg6 40. a6 R4xc5 41. Rbb1 Ra8 42. Rb2 Rc6 43. a7 Rc7 44. Rba2 Kf7 45. Kf1 h5 46. Ke2 g6 47. Kd3 Ke6 48. Ra6+ Kf5 49. R1a5 Rd7 50. Kd4 1-0

[Event "AUS-ch reserves"]
[Site "Adelaide"]
[Date "2004.01.05"]
[Round "7.32"]
[White "Cooke, Tristrom"]
[Black "Holt, Kenneth P"]
[Result "0-1"]
[WhiteElo "1486"]
[BlackElo "1835"]
[PlyCount "108"]
[EventDate "2003.12.??"]
[EventType "swiss"]
[EventRounds "11"]
[EventCountry "AUS"]
[SourceTitle "EXT 2005"]
[Source "ChessBase"]
[SourceDate "2004.11.15"]
[SourceVersion "1"]
[SourceVersionDate "2004.11.15"]
[SourceQuality "1"]

1. e4 c6 2. d4 d5 3. Nc3 dxe4 4. Nxe4 Nf6 5. Nxf6+ gxf6 6. Nf3 Bg4 7. Be2 e6 8. Bf4 Nd7 9. c3 Nb6 10. h3 Bh5 11. Nh4 Nd5 12. Bxh5 Nxf4 13. Qf3 Bd6 14. g3 Ng6 15. Bxg6 hxg6 16. Qe2 Qe7 17. 0-0-0 0-0-0 18. Ng2 Rh5 19. Ne3 Rdh8 20. h4 g5 21. Ng2 f5 22. Rde1 Qc7 23. Qd1 gxh4 24. Rxh4 Rxh4 25. Nxh4 f4 26. Ng2 fxg3 27. fxg3 Bxg3 28. Rf1 f5 29. Qf3 Bd6 30. Re1 Qe7 31. Ne3 Qg5 32. Kd1 Bg3 33. Re2 f4 34. Ng2 Rh1+ 35. Kd2 Qf5 36. Ne1 Rg1 37. Nd3 Kc7 38. Re5 Qh3 39. Re2 Rf1 40. Rf2 Rxf2+ 41. Nxf2 Qh2 42. Ke2 Kd6 43. Kf1 Qxf2+ 44. Qxf2 Bxf2 45. Kxf2 Kd5 46. Kf3 e5 47. dxe5 Kxe5 48. a4 b6 49. b3 c5 50. b4 cxb4 51. cxb4 a6 52. b5 a5 53. Kf2 Ke4 54. Ke2 Kd4 0-1

[Event "AUS-ch reserves"]
[Site "Adelaide"]
[Date "2004.01.04"]
[Round "6.34"]
[White "Holt, Kenneth P"]
[Black "Alkin, John"]
[Result "1/2-1/2"]
[WhiteElo "1835"]
[BlackElo "1583"]
[PlyCount "186"]
[EventDate "2003.12.??"]
[EventType "swiss"]
[EventRounds "11"]
[EventCountry "AUS"]
[SourceTitle "EXT 2005"]
[Source "ChessBase"]
[SourceDate "2004.11.15"]
[SourceVersion "1"]
[SourceVersionDate "2004.11.15"]
[SourceQuality "1"]

1. d4 d5 2. c4 c6 3. Nf3 Nf6 4. Nc3 dxc4 5. a4 Bf5 6. e3 e6 7. Bxc4 Bb4 8. 0-0 Nbd7 9. Qe2 Bg6 10. Ne5 Nxe5 11. dxe5 Nd5 12. Nxd5 cxd5 13. Bb5+ Kf8 14. Qg4 Be7 15. Bd2 a6 16. Be2 Be4 17. f3 h5 18. Qh3 Bf5 19. g4 Bg6 20. f4 Kg8 21. g5 Bf5 22. Qg3 g6 23. Rfd1 Qb6 24. Bc3 Rc8 25. Rac1 Kg7 26. a5 Qb3 27. Qe1 Bc5 28. Qd2 Qa4 29. Bd4 Bxd4 30. exd4 Qb3 31. Rc3 Rxc3 32. Qxc3 Qxc3 33. bxc3 Bg4 34. Bxg4 hxg4 35. Rb1 b5 36. axb6 a5 37. b7 Rb8 38. Kf2 a4 39. Kg3 a3 40. Kxg4 a2 41. Ra1 Rxb7 42. Rxa2 Rb1 43. Rc2 Rd1 44. Kf3 Rf1+ 45. Ke3 Re1+ 46. Re2 Rd1 47. Rf2 Kf8 48. Ke2 Rc1 49. Kd2 Ra1 50. Kd3 Rd1+ 51. Kc2 Ra1 52. Kb2 Rd1 53. Kb3 Rb1+ 54. Kc2 Ra1 55. Kd3 Rd1+ 56. Rd2 Rf1 57. Ke3 Rc1 58. Kd3 Rf1 59. Ke3 Re1+ 60. Kf2 Rc1 61. Rd3 Kg7 62. Kg3 Rg1+ 63. Kf3 Rc1 64. Kg4 Rg1+ 65. Rg3 Rc1 66. h4 Rh1 67. Rh3 Rg1+ 68. Kf3 Rf1+ 69. Ke3 Rc1 70. Ke2 Rc2+ 71. Kd3 Rc1 72. h5 gxh5 73. Rxh5 Rf1 74. Rh4 Rf3+ 75. Kc2 Rf2+ 76. Kb3 Rf1 77. c4 dxc4+ 78. Kxc4 Rc1+ 79. Kd3 Rd1+ 80. Ke3 Rf1 81. Rh3 Ra1 82. Ke4 Re1+ 83. Re3 Rf1 84. Rf3 Re1+ 85. Kd3 Rd1+ 86. Kc3 Ra1 87. Kd2 Ra4 88. Rd3 Kg6 89. Ke3 Kf5 90. d5 Re4+ 91. Kd2 exd5 92. Rxd5 Kxf4 93. Rd7 Rxe5 1/2-1/2

[Event "AUS-ch reserves"]
[Site "Melbourne"]
[Date "2002.01.09"]
[Round "11"]
[White "Holt, Kenneth P"]
[Black "Davidson, Nathan P"]
[Result "0-1"]
[WhiteElo "1729"]
[BlackElo "1540"]
[PlyCount "60"]
[EventDate "2001.12.28"]
[EventType "swiss"]
[EventRounds "11"]
[EventCountry "AUS"]
[SourceTitle "EXT 2003"]
[Source "ChessBase"]
[SourceDate "2002.11.25"]
[SourceVersion "1"]
[SourceVersionDate "2002.11.25"]
[SourceQuality "1"]

1. d4 Nf6 2. c4 c5 3. Nf3 e6 4. Nc3 cxd4 5. Nxd4 Nc6 6. Ndb5 d6 7. Bg5 a6 8. Bxf6 gxf6 9. Nd4 Qb6 10. Nb3 Be7 11. e3 Bd7 12. a3 f5 13. Na4 Qc7 14. c5 d5 15. Nb6 Rd8 16. Qc2 Qe5 17. Be2 f4 18. 0-0 Bf6 19. Rab1 Ke7 20. exf4 Qxf4 21. g3 Rdg8 22. Rbd1 Kd8 23. Nd2 Nd4 24. Qd3 Bb5 25. Ndc4 dxc4 26. Nxc4 Kc7 27. Kh1 Qf5 28. Qc3 Nxe2 29. Qa5+ Kb8 30. Nd6 Qf3# 0-1

[Event "AUS-ch reserves"]
[Site "Melbourne"]
[Date "2002.01.04"]
[Round "7"]
[White "Holt, Kenneth P"]
[Black "Ingram, Benny"]
[Result "0-1"]
[WhiteElo "1729"]
[BlackElo "1926"]
[PlyCount "80"]
[EventDate "2001.12.28"]
[EventType "swiss"]
[EventRounds "11"]
[EventCountry "AUS"]
[SourceTitle "EXT 2003"]
[Source "ChessBase"]
[SourceDate "2002.11.25"]
[SourceVersion "1"]
[SourceVersionDate "2002.11.25"]
[SourceQuality "1"]

1. d4 Nf6 2. c4 d6 3. Nc3 Nbd7 4. g3 e5 5. Bg2 Be7 6. Nf3 0-0 7. 0-0 c6 8. Qc2 Re8 9. Rd1 Bf8 10. dxe5 dxe5 11. Ng5 h6 12. Nge4 Qc7 13. b3 a5 14. Bb2 Nxe4 15. Nxe4 f5 16. Nc3 Nc5 17. e4 f4 18. gxf4 exf4 19. f3 Qb6 20. Qf2 a4 21. bxa4 Nxa4 22. Nxa4 Qxf2+ 23. Kxf2 Rxa4 24. Bf1 Be6 25. Be5 Bc5+ 26. Bd4 Be7 27. Rd2 Rea8 28. Rc2 b5 29. Be5 Bc5+ 30. Kg2 b4 31. Rb2 g5 32. Be2 b3 33. Rxb3 Rxa2 34. Rb8+ Kf7 35. Rxa8 Rxe2+ 36. Kh1 Bh3 37. R1a7+ Kg6 38. Rg8+ Kh5 39. Rxg5+ Kxg5 40. Rg7+ Kh5 0-1

[Event "AUS-ch reserves"]
[Site "Melbourne"]
[Date "2002.01.02"]
[Round "5"]
[White "Holt, Kenneth P"]
[Black "Harp, Joel"]
[Result "1-0"]
[WhiteElo "1729"]
[BlackElo "1908"]
[PlyCount "101"]
[EventDate "2001.12.28"]
[EventType "swiss"]
[EventRounds "11"]
[EventCountry "AUS"]
[SourceTitle "EXT 2003"]
[Source "ChessBase"]
[SourceDate "2002.11.25"]
[SourceVersion "1"]
[SourceVersionDate "2002.11.25"]
[SourceQuality "1"]

1. d4 Nf6 2. c4 c5 3. Nf3 cxd4 4. Nxd4 b6 5. f3 Bb7 6. e4 d6 7. Be2 Nbd7 8. 0-0 a6 9. Nc3 e6 10. Be3 Be7 11. Qe1 0-0 12. Rd1 Qc7 13. Rc1 Rac8 14. Qg3 Kh8 15. Nd5 exd5 16. Nf5 Nh5 17. Qh3 Ndf6 18. cxd5 Qd8 19. g4 Rxc1 20. Rxc1 Bc8 21. Rxc8 Qxc8 22. Nxe7 Qc2 23. Kf2 Re8 24. Nf5 Nxd5 25. gxh5 Nxe3 26. Nxe3 Qxb2 27. Qd7 Qe5 28. Qxf7 Qxh2+ 29. Ng2 Qe5 30. Bxa6 b5 31. Bb7 b4 32. Bd5 Rc8 33. Bb3 Qd4+ 34. Kg3 Qe5+ 35. Kh3 Qg5 36. Be6 Rd8 37. Qf5 Qe7 38. Qg4 Rf8 39. Nh4 Qf6 40. Nf5 Qa1 41. Qg2 Qf6 42. Bd5 Rc8 43. Qg3 Rd8 44. Qh4 Rf8 45. Qxf6 Rxf6 46. Kg4 g6 47. hxg6 Rxg6+ 48. Kh5 Rf6 49. f4 Rf8 50. Kg5 Rd8 51. Kf6 1-0

[Event "Box Hill op"]
[Site "Box Hill"]
[Date "2001.09.14"]
[Round "2.17"]
[White "Holt, Kenneth P"]
[Black "Chmiel, Rad"]
[Result "0-1"]
[WhiteElo "1784"]
[BlackElo "1534"]
[PlyCount "110"]
[EventDate "2001.09.??"]
[EventType "swiss"]
[EventRounds "7"]
[EventCountry "AUS"]
[SourceTitle "EXT 2003"]
[Source "ChessBase"]
[SourceDate "2002.11.25"]
[SourceVersion "1"]
[SourceVersionDate "2002.11.25"]
[SourceQuality "1"]

1. d4 Nf6 2. c4 e6 3. g3 d5 4. Bg2 Be7 5. Nf3 0-0 6. 0-0 dxc4 7. Ne5 c5 8. e3 Nd5 9. Nxc4 Nc6 10. e4 Nb6 11. Nxb6 axb6 12. d5 Nd4 13. Nc3 e5 14. f4 f6 15. Be3 Bd7 16. fxe5 fxe5 17. Qd2 Bf6 18. Rae1 Qe8 19. Rf2 Qh5 20. Ref1 Be7 21. a3 Rxf2 22. Rxf2 Rf8 23. Rxf8+ Bxf8 24. Qf2 Be7 25. Qf1 Bg5 26. Bxg5 Qxg5 27. Qe1 Bh3 28. Kh1 Bxg2+ 29. Kxg2 Qf6 30. Qf2 Qg6 31. Qe3 b5 32. Ne2 Nc2 33. Qxc5 Qxe4+ 34. Kg1 Qxe2 35. Qc8+ Kf7 36. Qe6+ Kf8 37. Qc8+ Ke7 38. Qe6+ Kd8 39. Qd6+ Kc8 40. Qe6+ Kb8 41. Qd6+ Ka7 42. Qc5+ Ka6 43. Qd6+ Ka5 44. Qc7+ Ka4 45. Qc3 Qd1+ 46. Kf2 Qd4+ 47. Ke2 Qe4+ 48. Kf2 b4 49. axb4 Nxb4 50. b3+ Kb5 51. d6 Qd4+ 52. Qxd4 exd4 53. d7 Nc6 54. Ke2 Kb4 55. Kd3 Kxb3 0-1